Caricamento...
A dictionary of kathakali /
| Autore principale: | |
|---|---|
| Natura: | Printed Book |
| Lingua: | English |
| Pubblicazione: |
Hyderabad:
Orient Longman Limited,
c1979.
|
| Soggetti: |
| LEADER | 00528 a2200157 4500 | ||
|---|---|---|---|
| 008 | 150103s9999 000 0 eng | ||
| 020 | |a 812501232X | ||
| 082 | |a 793.312 | ||
| 100 | |a Menon, K. .P.S. | ||
| 245 | |a A dictionary of kathakali / | ||
| 260 | |a Hyderabad: |b Orient Longman Limited, |c c1979. | ||
| 300 | |a 80 p. | ||
| 650 | |a Kathakali | ||
| 942 | |c BK | ||
| 999 | |c 303246 |d 303246 | ||
| 952 | |0 0 |1 0 |2 ddc |4 0 |6 793_312000000000000_MEN_DI |7 0 |8 MUSIC |9 346850 |a DRA |b DRA |c ST1 |d 2011-02-03 |i 301M |l 0 |o 793.312 MEN/DI |p DRA301M |r 2019-01-03 |w 2019-01-03 |y BK | ||